<?xml version="1.0" encoding="UTF-8"?>
<record
    xmlns:xsi="http://www.w3.org/2001/XMLSchema-instance"
    xsi:schemaLocation="http://www.loc.gov/MARC21/slim http://www.loc.gov/standards/marcxml/schema/MARC21slim.xsd"
    xmlns="http://www.loc.gov/MARC21/slim">

  <leader>01083nam a22001937a 4500</leader>
  <controlfield tag="008">120726t        xxu||||| |||| 00| 0 eng d</controlfield>
  <datafield tag="020" ind1=" " ind2=" ">
    <subfield code="a">9780324593853</subfield>
  </datafield>
  <datafield tag="050" ind1=" " ind2=" ">
    <subfield code="a">TK5105.5.W58</subfield>
  </datafield>
  <datafield tag="100" ind1=" " ind2=" ">
    <subfield code="a">White, Curt M.</subfield>
  </datafield>
  <datafield tag="245" ind1=" " ind2=" ">
    <subfield code="a">Data communciation and computer networks: a business user's approach. /</subfield>
    <subfield code="c">Curt M. White.</subfield>
  </datafield>
  <datafield tag="250" ind1=" " ind2=" ">
    <subfield code="a">5th ed.</subfield>
  </datafield>
  <datafield tag="260" ind1=" " ind2=" ">
    <subfield code="a">Australia:</subfield>
    <subfield code="b">Course Technology </subfield>
    <subfield code="c">2009.</subfield>
  </datafield>
  <datafield tag="300" ind1=" " ind2=" ">
    <subfield code="a">xxi, 506 p.:</subfield>
    <subfield code="b">ill.;</subfield>
    <subfield code="c">28cm.</subfield>
  </datafield>
  <datafield tag="500" ind1=" " ind2=" ">
    <subfield code="a">Includes index.</subfield>
  </datafield>
  <datafield tag="505" ind1=" " ind2=" ">
    <subfield code="a">Contents: Introduction to computer networks and data communcations -- Fundamentals of data and signals -- Conducted and wireless media -- Making connections efficient: multiplexing and compression -- Errors, error detection, and error control -- Local area networks: the basics -- Local area networks: software and support systems -- Introduction to metropolitan area networks and wide area networks -- The Internet -- Voice and data delivery networks -- Network design and management.</subfield>
  </datafield>
  <datafield tag="650" ind1=" " ind2=" ">
    <subfield code="a">Data transmission systems. </subfield>
  </datafield>
  <datafield tag="650" ind1=" " ind2=" ">
    <subfield code="a">Business enterprises </subfield>
    <subfield code="x"> Computer networks. </subfield>
  </datafield>
  <datafield tag="942" ind1=" " ind2=" ">
    <subfield code="2">lcc</subfield>
    <subfield code="c">BK</subfield>
  </datafield>
  <datafield tag="999" ind1=" " ind2=" ">
    <subfield code="c">1848</subfield>
    <subfield code="d">9348</subfield>
  </datafield>
  <datafield tag="952" ind1=" " ind2=" ">
    <subfield code="0">0</subfield>
    <subfield code="1">0</subfield>
    <subfield code="2">lcc</subfield>
    <subfield code="4">0</subfield>
    <subfield code="7">0</subfield>
    <subfield code="a">WIUC-1</subfield>
    <subfield code="b">WIUC-1</subfield>
    <subfield code="c">GEN</subfield>
    <subfield code="d">2012-07-26</subfield>
    <subfield code="l">0</subfield>
    <subfield code="o">TK5105.5.W58</subfield>
    <subfield code="p">5442/12</subfield>
    <subfield code="r">2012-07-26 00:00:00</subfield>
    <subfield code="t">1</subfield>
    <subfield code="w">2012-07-26</subfield>
    <subfield code="y">BK</subfield>
  </datafield>
  <datafield tag="952" ind1=" " ind2=" ">
    <subfield code="0">0</subfield>
    <subfield code="1">0</subfield>
    <subfield code="2">lcc</subfield>
    <subfield code="4">0</subfield>
    <subfield code="7">0</subfield>
    <subfield code="a">WIUC-1</subfield>
    <subfield code="b">WIUC-1</subfield>
    <subfield code="c">GEN</subfield>
    <subfield code="d">2012-07-26</subfield>
    <subfield code="l">0</subfield>
    <subfield code="o">TK5105.5.W581</subfield>
    <subfield code="p">5443/12</subfield>
    <subfield code="r">2012-07-26 00:00:00</subfield>
    <subfield code="t">2</subfield>
    <subfield code="w">2012-07-26</subfield>
    <subfield code="y">BK</subfield>
  </datafield>
  <datafield tag="952" ind1=" " ind2=" ">
    <subfield code="0">0</subfield>
    <subfield code="1">0</subfield>
    <subfield code="2">lcc</subfield>
    <subfield code="4">0</subfield>
    <subfield code="7">0</subfield>
    <subfield code="a">WIUC-1</subfield>
    <subfield code="b">WIUC-1</subfield>
    <subfield code="c">GEN</subfield>
    <subfield code="d">2012-07-26</subfield>
    <subfield code="l">0</subfield>
    <subfield code="o">TK5105.5.W582</subfield>
    <subfield code="p">5444/12</subfield>
    <subfield code="r">2012-07-26 00:00:00</subfield>
    <subfield code="t">3</subfield>
    <subfield code="w">2012-07-26</subfield>
    <subfield code="y">BK</subfield>
  </datafield>
</record>
